El Poder disciplinario de la Administrción y las garantías de los agentes de Empleo público (Record no. 4527)
[ view plain ]
| 000 -CABECERA | |
|---|---|
| campo de control de longitud fija | 00593nam a22001577a 4500 |
| 080 ## - NUMERO DE CLASIFICACION DECIMAL UNIVERSAL (CDU) | |
| Número de la Clasificación Decimal Universal | 351 F 468 |
| 100 ## - ASIENTO PRINCIPAL--NOMBRE PERSONAL | |
| Código del relacionador | Autor |
| Nombre personal | Figliuolo, HernánP. |
| 245 ## - MENCION DE TITULO | |
| Título propiamente dicho | El Poder disciplinario de la Administrción y las garantías de los agentes de Empleo público |
| 300 ## - DESCRIPCION FISICA | |
| Extensión | 39 P. |
| 500 ## - NOTA GENERAL | |
| Nota general | Director de tesis: |
| 502 ## - NOTA DE TESIS | |
| Nota de tesis | Tesis ( Especializción)--Universidad Nacional de Mar del Plata. Departamento de Posgrado, 2014. |
| 504 ## - NOTA DE BIBLIOGRAFIA, ETC. | |
| Nota de bibliografía, etc. | Tiene Bibliografía: P. 38- 39. |
| 650 ## - ASIENTO SECUNDARIO DE MATERIA - TERMINO TEMATICO | |
| Fuente del encabezamiento o término | Tesauro de Biblioteconomía y Documentación |
| Término temático o nombre geográfico como elemento de entrada | derecho administrativo |
| -- | poder disciplinario |
| -- | potestad disciplinario |
| 945 ## - INFORMACION DE PROCESAMIENTO LOCAL | |
| Responsable de carga/modificación | Celeste Delía |
| Fecha de ingreso o modificación | 2017-07-14 |
| Retirado | Perdido | Dañado | No se presta | Ubicación permanente | Locación actual | Estante o sala | Fecha de adquisición | Enumeración, cronología para publ. seriadas | Signatura topográfica | Inventario | Ultima fecha vista | Tipo de item de Koha |
|---|---|---|---|---|---|---|---|---|---|---|---|---|
| Bib. Derecho | Bib. Derecho | Biblioteca Graduados | 14/07/2017 | 20 Marzo 2014 | 351 F 468 | 301674 | 14/07/2017 | Tesis de posgrado |
